| 000 | 00642nam a2200253Ia 4500 | ||
|---|---|---|---|
| 008 | 181129s9999 xx 000 0 und d | ||
| 020 | _a9780531175361 | ||
| 050 | _bR244 2008 | ||
| 100 | _aRauf, Don | ||
| 245 | 0 | _aKiller lipstick and other spy gadgets / | |
| 245 | 0 | _cby Don Rauf. | |
| 260 | _aNew York, NY : | ||
| 260 | _bScholastic, | ||
| 260 | _c2008 | ||
| 300 | _a64 pages : | ||
| 300 | _bcolor illustrations ; | ||
| 300 | _c22cm. | ||
| 440 | _a24/7, science behind the scenes ; Spy files, | ||
| 500 | _a780L | ||
| 650 | _aEspionage -- | ||
| 650 | _xEquipment and supplies. | ||
| 700 | _aSeries. | ||
| 700 | _aTitle. | ||
| 999 |
_c359825 _d359825 |
||